000 00344 a2200145 4500
001 164320
020 _a
040 _cMagnum
100 _a3 Periodo C - 1999 - Professora Rosangela
240 1 0 _aOs 3 porquinhos e o lobo mau
_lpor
245 1 0 _aOs 3 porquinhos e o lobo mau
362 0 _a1899
697 _aI/FADAS, FANTASIA
942 _cBK
999 _c164320
_d164320